000 00754nam a22002177a 4500
999 _c14542
_d14542
003 AR-CdUCM
008 190423b ||||| |||| 00| 0 spa d
020 _a978-84-205-5654-3
040 _aMUNICIPALIDAD PROVINCIAL DEL CUSCO
_cBIBLIOTECA MUNICIPAL DEL CUSCO
082 _aPI / 803 /
_bA58
100 _aMartín Anguita, Carmen
_933348
245 _aLa bruja chiripa y su pócima mágica /
260 _aMadrid :
_bPearson Alhambra,
_c2009.
300 _a47 páginas ;
_bIlustraciones,
_c20 cm.
505 _aContenido: La bruja chiripa y su pócima mágica.
650 _aCuento Infantil
_94581
650 _aLiteratura infantil
_9588
700 _aGarcía Iglesias, Carmen (ilustración)
_933349
942 _2ddc
_cLIBROS
945 _acmm
_d2019-04-23